000
00290nam a22001337a 4500
008
181016b xxu||||| |||| 00| 0 eng d
020
_a
002354970
041
_a
eng
080
_2
3 ED
_a
541
100
_a
12
101
_a
KIM
245
_a
Chemistry And Life
_c
Hill.JW
942
_2
udc
_c
BK
999
_c
49809
_d
49809